LEADER 01066nam0-2200361---450 001 990005718560203316 005 20190403125010.0 035 $a000571856 035 $aUSA01000571856 035 $a(ALEPH)000571856USA01 035 $a000571856 100 $a20070618d1986----|||y0itaa50------ba 101 $afre 102 $afr 105 $a0 00||| 200 1 $a<> vie quotidienne de la mafia de 1950 à nos jours$fFabrizio Calvi$gpréface de Leonardo Sciascia 210 $a[Paris]$cHachette$d1986 215 $a311 p.$d20 cm. 606 $aMafia$xSec. 20.$2F 676 $a364.9 700 1$aCALVI,$bFabrizio$0527091 702 1$aSCIASCIA,$bLeonardo 801 0$aIT$bSA$c20111219 912 $a990005718560203316 950 0$aDipar.to di Filosofia - Salerno$dDFCC 364.9 CAL$e2022 FIL 951 $aCC 364.9 CAL$b2022 FIL 959 $aBK 969 $aFIL 979 $c20121027$lUSA01$h1526 979 $c20121027$lUSA01$h1615 996 $aVie quotidienne de la mafia de 1950 à nos jours$91083583 997 $aUNISA NUM $aSA0020902 LEADER 02437nam 2200541 a 450 001 9910781683903321 005 20230725050904.0 010 $a1-60805-217-6 035 $a(CKB)2550000000042070 035 $a(EBL)864299 035 $a(OCoLC)759158474 035 $a(SSID)ssj0000671832 035 $a(PQKBManifestationID)11384640 035 $a(PQKBTitleCode)TC0000671832 035 $a(PQKBWorkID)10633530 035 $a(PQKB)10942430 035 $a(MiAaPQ)EBC864299 035 $a(Au-PeEL)EBL864299 035 $a(CaPaEBR)ebr10492616 035 $a(EXLCZ)992550000000042070 100 $a20110922d2011 uy 0 101 0 $aeng 135 $aur|n|---||||| 181 $ctxt 182 $cc 183 $acr 200 00$aAir pollution$b[electronic resource] $eeconomic modelling and control policies /$feditor, Maria Llop 210 $a[Saif Zone, Sharjah, United Arab Emirates] $cBentham Science Publishers Ltd.$d[2011] 215 $a1 online resource (184 p.) 300 $aDescription based upon print version of record. 311 $a1-60805-582-5 320 $aIncludes bibliographical references and index. 327 $a01 Title.pdf; 02 cover page; 03 eBooks End User License Agreement-Website; 04 CONTENTS; 05 FOREWORD; 06 PREFACE; 07 CONTRIBUTORS; 08 CHAPTER 1; 09 CHAPTER 2; 10 CHAPTER 3; 11 CHAPTER 4; 12 CHAPTER 5; 13 CHAPTER 6; 14 CHAPTER 7; 15 CHAPTER 8; 16 CHAPTER 9; 17 Subject Index 330 $aEnvironmental pollution has received the attention of both economists and ecologists who have integrated their ideas and concepts in recent decades. Production and consumption of material goods generates residuals that are disposed in the environment. Air emissions constitute one of the most important residuals, including greenhouse gases, as well as localized substances toxic to human health and the environment. How economic activity affects gas emissions is valuable information for pollution control and is extremely useful for defining and implementing successful environmental policies, aime 606 $aAir$xPollution 606 $aGreenhouse gases 615 0$aAir$xPollution. 615 0$aGreenhouse gases. 676 $a628.5/3 676 $a628.53 701 $aLlop$b Mara$01581938 801 0$bMiAaPQ 801 1$bMiAaPQ 801 2$bMiAaPQ 906 $aBOOK 912 $a9910781683903321 996 $aAir pollution$93863837 997 $aUNINA